000
00294nam a2200121Ia 4500
005
20251222142029.0
008
251222s9999||||xx |||||||||||||| ||spa||
082
_a
343.052/V47I
100
_a
Vera Paredes, IsaĆas
245
0
_a
El Impuesto a la Renta:
264
_b
Vera Paredes
942
_c
LIB
999
_c
10916
_d
10916